| 000 | 01358nam0a22002771 4500 | ||
|---|---|---|---|
| 001 | rc\3300972 | ||
| 005 | 20250609205747.0 | ||
| 021 |
_aRU _b[73-53321] |
||
| 035 | _a(NLR Aleph) 007500402 | ||
| 090 |
_a7663956 _c7663956 |
||
| 100 | _a20130115d1973 |||y0rusy50 ca | ||
| 101 | 0 | _arus | |
| 102 | _aRU | ||
| 105 | _ay z ||||| | ||
| 200 | 1 |
_aXXIV съезд КПСС и актуальные проблемы научного коммунизма _eСборник трудов _f[Ред. коллегия: Р.В. Бутурлов (отв. ред.) и др.] _gМ-во просвещения РСФСР. Моск. гос. пед. ин-т им. В.И. Ленина. Кафедра науч. коммунизма |
|
| 210 |
_aМосква _cБ. и. _d1973 |
||
| 215 |
_a310 с. _d22 |
||
| 532 | 1 | 1 | _aДвадцать четвертый съезд Коммунистической партии Советского Союза и актуальные проблемы научного коммунизма |
| 606 |
_aНаучный коммунизм _jСборники _2psbo |
||
| 702 | 1 |
_aБутурлов _bР.В. _4340 |
|
| 712 | 0 | 2 | _aМосковский пед. ин-т им. В.И. Ленина. Кафедра науч. коммунизма |
| 801 | 0 |
_aRU _bNLR _gpsbo |
|
| 801 | 1 |
_aRU _bELAR _2rusmarc |
|
| 852 |
_aNLR _j73-5/2857 |
||
| 942 | _cBOOK | ||
| 980 | _aNB | ||